Macroeconomic analysis : an intermediate text

Αποθηκεύτηκε σε:
Λεπτομέρειες βιβλιογραφικής εγγραφής
Κύριος συγγραφέας: Cobham, David P.
Μορφή: Βιβλίο
Γλώσσα:English
Δημοσίευση: London : Longman, 1998
Έκδοση:2nd ed.
Θέματα:
Ετικέτες: Προσθήκη ετικέτας
Δεν υπάρχουν, Καταχωρήστε ετικέτα πρώτοι!

MARC

LEADER 00000nam a2200000 i 4500
001 1/67351
008 981015s19871998 eng d
020 |a 0582274524 
035 |l 10029989 
040 |a GR-MY-UA  |b gre  |e aacr 
041 0 |a eng 
082 0 |a 339 
100 1 |a Cobham, David P. 
245 1 0 |a Macroeconomic analysis :  |b an intermediate text /  |c David Cobham 
250 |a 2nd ed. 
260 |a London :   |b Longman,   |c 1998 
300 |a xiv, 263 σ. 
504 |a Περιλαμβάνει βιβλιογραφίες και ευρετήριο 
650 0 0 |a Macroeconomics. 
852 |a INST  |b CHIOS  |e 19981015  |h 339 COB  |p 005200015531  |q 005200015531  |t BK  |y 0 
901 |a BIBL-1998-3 
909 |a Χ  |b 059100 
922 |a 2ΕΛΗ  |b 199809  |c ΤΔΕ  |d ΠΑΠΑΣΩΤΗΡΙΟΥ